| 000 | 00823nac a22001811u 4500 | ||
|---|---|---|---|
| 008 | 110322s ua|||||r|||| 000 0 ara d | ||
| 010 | _a 00293487 | ||
| 020 | _a9775999006 | ||
| 035 | _a(CStRLIN)DCLN00-B2359 | ||
| 082 |
_a320.956 _bه ي ك |
||
| 245 | 1 | 0 |
_aكلام في السياسة : _bقضايا ورجال: وجهات نظر (مع بدايات القرن الواحد والعشرين) / _cمحمد حسنين هيكل |
| 260 |
_aالقاهرة : _bالمصرية للنشر العربي والدولي ، 2000 _c2000 |
||
| 300 |
_a450 ص : _bصور ؛ _c24 سم |
||
| 520 | _aauthor's perspectives of kings and rulers; Arab countries; politics and government; world politics | ||
| 651 | 0 |
_aالعالم العربي _xالأحوال السياسية _913700 |
|
| 653 | _bPol | ||
| 942 |
_cBB _k320.956 ه ي ك _2ddc |
||
| 999 |
_c3767 _d3767 |
||